MARC

LEADER 00000nam0a2200000 4500
001 248110
005 20231101232346.0
035 |a (RuTPU)RU\TPU\book\269785 
090 |a 248110 
100 |a 20140117d1984 k y0rusy50 ca 
101 0 |a rus 
102 |a RU 
105 |a c a 001zb 
200 1 |a Алексей Александрович Баландин (1898-1967)  |f Академия наук СССР (АН СССР) ; сост. Н. Б. Полякова, Е. И. Клабуновский 
205 |a 2-е изд., доп. 
210 |a Москва  |c Наука  |d 1984 
215 |a 144 с.  |c портр. 
225 1 |a Материалы к биобиблиографии ученых СССР 
320 |a Литература: с. 38-41. 
320 |a Хронологический указатель трудов: 42-135. 
320 |a Именной указатель: с. 136-141. 
320 |a Список сокращений: с. 141. 
600 1 |a Баландин  |b А. А.  |c российский химик  |c академик АН СССР (19460  |f 1898-1967  |g Алексей Александрович  |2 stltpush  |3 (RuTPU)RU\TPU\pers\15081  |9 5170 
606 1 |a Химики  |x Персоналии  |2 stltpush  |3 (RuTPU)RU\TPU\subj\69968  |9 84576 
606 1 |a Библиографические пособия  |x По химии  |2 stltpush  |3 (RuTPU)RU\TPU\subj\28562  |9 52080 
610 1 |a жизнь 
610 1 |a деятельность 
610 1 |a научная деятельность 
610 1 |a научные исследования 
610 1 |a педагогическая деятельность 
675 |a 54(092)(01)  |v 3 
686 |a Я19:54  |2 rubbk 
702 1 |a Полякова  |b Н. Б.  |4 220 
702 1 |a Клабуновский  |b Е. И.  |4 220 
712 0 2 |a Академия наук СССР (АН СССР)  |2 stltpush  |3 (RuTPU)RU\TPU\col\722 
801 1 |a RU  |b 63413507  |c 20140117 
801 2 |a RU  |b 63413507  |c 20140423  |g RCR 
942 |c BK